Ministerstwa w Polsce - Statystyki

Ogólne statystyki
  • Ten quiz został rozwiązany 60 razy
  • Średni wynik to 9 z 19
Statystyki odpowiedzi
Hint Odpowiedź % Poprawnych
18 Ministerstwo Spraw Zagranicznych
79%
19 Ministerstwo Zdrowia
79%
4 Ministerstwo Finansów
74%
10 Ministerstwo Obrony Narodowej
67%
3 Ministerstwo Edukacji Narodowej
62%
17 Ministerstwo Spraw Wewnętrznych i Administracji
62%
2 Ministerstwo Cyfryzacji
51%
16 Ministerstwo Sprawiedliwości
51%
15 Ministerstwo Sportu i Turystyki
46%
6 Ministerstwo Infrastruktury
41%
1 Ministerstwo Aktywów Państwowych
38%
9 Ministerstwo Nauki i Szkolnictwa Wyższego
38%
13 Ministerstwo Rolnictwa i Rozwoju Wsi
36%
7 Ministerstwo Klimatu i Środowiska
31%
8 Ministerstwo Kultury i Dziedzictwa Narodowego
31%
12 Ministerstwo Rodziny, Pracy i Polityki Społecznej
31%
11 Ministerstwo Przemysłu
28%
14 Ministerstwo Rozwoju i Technologii
21%
5 Ministerstwo Funduszy i Polityki Regionalnej
18%
Nie znaleziono quizów pasujących do podanych kryteriów
Rozkład punktacji
Procent ludzi z każdym wynikiem
Percentyl według liczby udzielonych odpowiedzi
Twoja historia wyników
Nie rozwiązałeś tego quizu